|
|
|
|
| LEADER |
00000nab#a22000007a#4500 |
| 001 |
arbauad022418 |
| 003 |
AR-BaUAD |
| 005 |
20250711111920.0 |
| 008 |
961008|||||||||###||||||b###|0###a|spa|| |
| 040 |
|
|
|a AR-BaUAD
|c AR-BaUAD
|b spa
|
| 100 |
|
|
|a Lolich, Liliana
|
| 245 |
|
|
|a El Hotel Llao Llao y su imagen a través del tiempo /
|c Liliana Lolich;
|
| 300 |
0 |
|
|b fot., plantas
|
| 653 |
|
|
|a ARQUITECTURA HOTELERA
|
| 653 |
|
|
|a HOTELES
|
| 653 |
|
|
|a HISTORIA
|
| 653 |
|
|
|a HOTEL LLAO LLAO
|
| 653 |
|
|
|a SAN CARLOS DE BARILOCHE
|
| 653 |
|
|
|a RIO NEGRO
|
| 653 |
|
|
|a ARGENTINA
|
| 773 |
0 |
|
|t Summa Temática
|g no. 20 [ago. 1987], p. 22-23
|
| 942 |
|
|
|c ARTI
|
| 952 |
|
|
|0 0
|1 0
|4 0
|7 0
|9 67337
|a AR-BAuAD
|b AR-BAuAD
|d 2025-07-11
|l 0
|p AAQA022418
|r 2025-07-11 11:19:20
|w 2025-07-11
|y ARTI
|
| 990 |
|
|
|a AQ198
|b TD
|
| 998 |
|
|
|a AAQ
|b BIBUN76
|
| 999 |
|
|
|c 47010
|d 47010
|